000 00546nam a2200205Ia 4500
005 20250923145659.0
008 008 250917s9999 xx 000 0 eng d
037 _aTextual
040 _aDSWL
_beng
_cDSWL
041 _aeng
_2eng
084 _aY:45:g, N83
_qDSWL
245 4 _aThe power to punish
_cEd. by D. Garland
260 _aLondon
_bHeinemann
_c1983
300 _ax,238 p.
365 _aGBP
_b5.95
700 _a P Young
_9837874
925 _g5.95
942 _cTEXL
_hY:45:g, N83
999 _c1454282
_d1454282